Loading...
| History - World | 0 | 8 | 0 | 2 | 80 | 34 | 80.25 | 2 | 4 | 30.83 | 54.92 |
| History - Other | 0 | 7 | 0 | 0 | 70 | 24 | 73.43 | 1 | 2 | 28.13 | 51.36 |
| Fine Arts - Painting and Sculpture | 0 | 5 | 0 | 0 | 50 | 53 | 86.60 | 0 | 1 | 16.79 | 30.53 |
| Social Science | 0 | 4 | 1 | 1 | 35 | 53 | 90.00 | 1 | 2 | 10.26 | 23.41 |
| History - American | 0 | 4 | 1 | 1 | 35 | 65 | 94.00 | 0 | 1 | 10.09 | 20.83 |
| Mythology | 0 | 3 | 1 | 0 | 25 | 76 | 99.33 | 0 | 1 | 7.80 | 14.17 |
| Literature - European | 0 | 2 | 0 | 1 | 20 | 140 | 143.00 | 0 | 0 | 0.39 | 4.17 |
| Religion | 0 | 2 | 0 | 2 | 20 | 105 | 112.00 | 0 | 0 | 0.00 | 2.50 |
| History - European | 0 | 3 | 3 | 0 | 15 | 47 | 74.67 | 0 | 2 | 11.75 | 20.38 |
| Fine Arts - Other | 0 | 2 | 1 | 0 | 15 | 129 | 132.50 | 0 | 0 | 0.68 | 4.17 |
| Literature - American | 0 | 1 | 0 | 0 | 10 | 113 | 113.00 | 0 | 0 | 2.47 | 3.64 |
| Fine Arts - Classical Music | 0 | 1 | 0 | 0 | 10 | 107 | 107.00 | 0 | 0 | 1.57 | 4.17 |
| Geography | 0 | 1 | 0 | 0 | 10 | 42 | 42.00 | 0 | 1 | 33.06 | 37.50 |
| Current Events | 0 | 1 | 0 | 0 | 10 | 31 | 31.00 | 1 | 1 | 37.98 | 50.00 |
| Literature - British | 0 | 1 | 0 | 1 | 10 | 129 | 129.00 | 0 | 0 | 1.16 | 1.82 |
| Other Academic | 0 | 1 | 0 | 0 | 10 | 84 | 84.00 | 0 | 0 | 7.05 | 16.67 |
| Philosophy | 0 | 1 | 0 | 0 | 10 | 107 | 107.00 | 0 | 0 | 0.36 | 1.67 |
| Literature - World | 0 | 1 | 1 | 1 | 5 | 152 | 152.00 | 0 | 0 | 0.00 | 2.50 |
| Science - Biology | 0 | 0 | 0 | 0 | 0 | 0.00 | 0 | 0 | 0.00 | 0.00 |